Регионална библиотека "Любен Каравелов" - Русе

Вълкът и гълъбицата (Запис номер 1309)

MARC детайли
000 -Лидер
Контролно поле с фиксирана дължина 01295nam a2200325 c 4500
003 - Код на организацията, давaща контролен номер
Контролно поле BLK
005 - Дата и час на последна редакция
Контролно поле 20241025155816.0
008 - Елементи от данни с фиксирана дължина
fixed length control field 180412b bul|||||r ||||||| ||bul||
010 ## - Наследен системен номер
LC control number KNG00002121000
020 ## - Международен стандартен номер на книга ISBN
Международен стандартен номер на книга ISBN 954-445-012-7
-- издат.: Ирис
040 ## - Източник на каталожния запис
Идентификатор на билиотеката - собственик на записа BLK
041 ## - Код за език
Код за езика на текст/звукозапис или на отделно заглавие Български
Код за езика КДБФ Български
080 ## - УДК
Текстов определител УДК Американска литература (на САЩ)
УДК код - определител по УДК 821.111(73)
УДК определител -31
УДК - код + определител 821.111(73)-31
100 1# - Редна дума - Автор
Автор Удиуиз, Катлийн
Авторска отговорност първи автор
R(LIN) 132221
139 ## - Редно поле
Редна дума Удиуиз, Катлийн
Авторски знак Уид - У 36
245 10 - Сведения за заглавието
Заглавие Вълкът и гълъбицата
Подзаглавни данни Роман
Редно поле (дума) Катлийн Удиуиз.
257 ## - Страна на издаване
Страна на създаване/издаване Съединени американски щати
260 ## - Област на издателските данни
-- София
Име на издателя, разпространителя и проч. Ирис
Година на издаване 1994
Печатница В. Търново : Абагар
300 ## - Физическа характеристика
Страници 412 с.
Размери/Мащаб 20 см
380 ## - Жанр
Жанр Худож. лит.
490 1# - СЕРИИ (Колекции)
Име на серия Поредица Исторически любовни романи
500 ## - Общи забележки
Забележка Прев. от нем. изд. Der Wolf und Taube / Kathleen E. Woodiwiss ; Ориг. загл. на англ. ез. - 40 000 тир.
653 ## - Ключова дума – ненормативна
Ключова дума романтична проза
852 ## - Местоположение
Форматна сигнатура Цб 178460
856 4# - Електронен адрес и достъп
Електронен формат pdf - файл
Път до файла /url/
856 4# - Електронен адрес и достъп
Електронен формат pdf - файл
Път до файла /url/
942 ## - АРТИКУЛИ
Вид на библиотечния материал Книги
Скрит в OPAC Не
Koha issues (borrowed), all copies 11
944 ## - СЪЗДАВАНЕ И РЕДАКЦИЯ на ЗАПИСА
Създаване/Редакция Създаване
Дата на регистрацията/редакция 15.01.2003
Статус, дата на статуса Цветелина Шанова
Служител, извършил регистрацията/редакцията 30531
944 ## - СЪЗДАВАНЕ И РЕДАКЦИЯ на ЗАПИСА
Създаване/Редакция Редакция
Дата на регистрацията/редакция 24.06.2016
Статус, дата на статуса ф /
Служител, извършил регистрацията/редакцията Людмила_Стоянова
999 ## - СИСТЕМНИ КОНТРОЛНИ НОМЕРА
Koha biblionumber 1309
Koha biblioitemnumber 1309
Наличности
Код за отписване Код за изгубен артикул Код за повреда Коз за рестрикции Код за отдаване Артикулен № Име на библиотеката - собственик Име на библиотеката, в която се намира в момента Статус (Текущо местоположение) Дата на вписване в системата Местоположение - отдел Цена в лева Инвентарен номер Систематично азбучна сигнатура Баркод Номер на екземпляра Цена в евро Служебна бележка Служебен тип на артикула
  Не е изгубен Не е повреден без рестрикции ползва се в читалня 2576 Регионална библиотека "Любен Каравелов" Русе Регионална библиотека "Любен Каравелов" Русе Хранилище 1994-01-01 Хранилище 0.80 602949 Цб 178460 602949 1 0.41 Дост: Dp Вид: Д N: стар фонд Дата: 01.01.1994 Дата инв: 01.10.2015 Бележки инв: Цб2015 Книги
  Не е изгубен Не е повреден без рестрикции заемане за дома 2577 Регионална библиотека "Любен Каравелов" Русе Регионална библиотека "Любен Каравелов" Русе Заемна - подръчен фонд 2016-02-25 Заемна - подръчен фонд 5.50 120000798323 П 820(73)-31/У 36 120000798323 2 2.81 Дост: DA Вид: А N: 8 Дата: 25.02.2016 Дата инв: 15.02.2018 Бележки инв: П2018 Книги
Vip Innovations Ltd, Rousse, Bulgaria 2025